000 00763cam a22002531 4500
001 12244
003 BD-RjUL
005 20211208235248.0
008 140128r19651964enka b 001 0 eng
035 _a(BD-RjUL)12293
035 _a(OCoLC)239426
040 _aDLC
_cOKentU
_dOCoLC
_dBD-RjUL
_beng
041 _aeng
060 _aQW 160 H315t 1964
082 _a576.6
_bTEC 1965
245 1 0 _aTechniques in experimental virology /
_cedited by R. J. C. Harris.
260 _aNew York ; London :
_bAcademic Press,
_cc1964 [reprint 1965].
300 _axiii, 450 p. :
_bill. ;
_c23 cm.
504 _aInclude bibliography and index.
650 0 _aVirology
_xTechnique.
_938008
700 1 _aHarris, R. J. C.
_934581
942 _2ddc
_cBK
999 _c12244
_d12244